Getting to the root of the problem (Record no. 76779)

MARC details
000 -LEADER
fixed length control field 01194cab a2200205 4500
001 - CONTROL NUMBER
control field ##L133060
008 - FIXED-LENGTH DATA ELEMENTS--GENERAL INFORMATION
fixed length control field 060406n2006 000 0 eng u
035 ## - SYSTEM CONTROL NUMBER
System control number (Sirsi) u133060
041 0# - LANGUAGE CODE
Language code of text/sound track or separate title eng
100 1# - MAIN ENTRY--PERSONAL NAME
Personal name Langley, Margaret
245 00 - TITLE STATEMENT
Title Getting to the root of the problem
260 ## - PUBLICATION, DISTRIBUTION, ETC.
Date of publication, distribution, etc. 2006
490 ## - SERIES STATEMENT
Series statement Law Society's Gazette
Volume/sequential designation 103(13) 30 March 2006, 27(1)
520 ## - SUMMARY, ETC.
Summary, etc. Assesses the legal implications of repairing damage caused by tree roots, with reference to the decisions in "Delaware Mansions Ltd and another v Westminster LBC and other" ([2001] UKHL 55, X118299) and "Kirk v Brent LBC" ([2005] EWCA Civ 1701, unreported). It is clear that notice of root damage from one tree to one property must be considered notice of the likelihood of damage from a neighbouring or similar tree to an adjoining property, and arguable that the notice need not be specifically given by the claimant, ie a notice given by a former owner of the freehold might be sufficient.
590 ## - LOCAL NOTE (RLIN)
Local note IKA110406
650 24 - SUBJECT ADDED ENTRY--TOPICAL TERM
Topical term or geographic name entry element DELAWARE MANSIONS LTD AND ANOTHER V WESTMINSTER CITY COUNCIL
650 24 - SUBJECT ADDED ENTRY--TOPICAL TERM
Topical term or geographic name entry element KIRK AND OTHERS V BRENT LBC
690 ## - LOCAL SUBJECT ADDED ENTRY--TOPICAL TERM (OCLC, RLIN)
Topical term or geographic name as entry element BUILT ENVIRONMENT-BUILDING PATHOLOGY-SUBSIDENCE
942 ## - ADDED ENTRY ELEMENTS (KOHA)
Suppress in OPAC 0
Holdings
Withdrawn status Lost status Source of classification or shelving scheme Damaged status Not for loan Home library Current library Shelving location Date acquired Total Checkouts Full call number Barcode Date last seen Copy number Price effective from Koha item type
    Dewey Decimal Classification     London London Journal article 06/04/2006   L133060 133060-1001 06/08/2019 1 06/08/2019 Journal article